000 00564ngm a22002410a 4500
001 PT19546
003 AR-LpoUNG
005 20210202000313.0
007 vd cvaizq
008 191001s1921||||ag |||||||||||||||||ger d
037 _c$9,97
040 _aAR-LpoUNG
_bspa
_cAR-LpoUNG
_eaacr
041 _ager
044 _aag
082 0 _a791.436 972nos
100 1 _aMurnau, F. W.
_edir.
245 1 0 _aNosferatu
260 _aBuenos Aires :
_bMemories,
_c1921.
300 _aVHS (70 min.) : son., byn
653 _aVIDEOS
905 _a19546
942 _cVIDEO
999 _c54574
_d54574